Komparácia vývoja úrokových sadzieb pre hypotekárne úvery na Slovensku a v USA
Vývoj úrokových sadzieb na vybranom hypotekárnom trhu. Hypotekárne bankovníctvo ako samostatná oblasť bankovníctva, ktorá je zameraná na financovanie investícií a nehnuteľností. Vývoj a formovanie hypotekárneho bankovníctva ovplyvňuje prepojenie kapitálového, bankového a peňažného trhu s trhom nehnu...
Saved in:
| Main Author: | |
|---|---|
| Other Authors: | |
| Format: | Book Chapter |
| Language: | Slovak |
| Subjects: | |
| Tags: |
No Tags, Be the first to tag this record!
|
MARC
| LEADER | 00000naa$a2200000$$$4500 | ||
|---|---|---|---|
| 001 | 0271056 | ||
| 005 | 20240502074245.8 | ||
| 041 | 0 | |a slo | |
| 044 | |a SK | ||
| 245 | 1 | 0 | |a Komparácia vývoja úrokových sadzieb pre hypotekárne úvery na Slovensku a v USA |c Roland Weiss, Jozef Zuzik |
| 520 | |a Vývoj úrokových sadzieb na vybranom hypotekárnom trhu. Hypotekárne bankovníctvo ako samostatná oblasť bankovníctva, ktorá je zameraná na financovanie investícií a nehnuteľností. Vývoj a formovanie hypotekárneho bankovníctva ovplyvňuje prepojenie kapitálového, bankového a peňažného trhu s trhom nehnuteľností. Americká hypotekárna kríza v oblasti rizikových hypotekárnych úverov. Hypotekárny dlh ako najväčšia forma dlhu medzi americkými spotrebiteľmi. | ||
| 610 | 2 | 0 | |a hypotéky |
| 610 | 2 | 0 | |a trh hypotekárny |
| 610 | 2 | 0 | |a bankovníctvo |
| 610 | 2 | 0 | |a úrok |
| 100 | 1 | |a Weiss, Roland, 1984- | |
| 700 | 1 | |a Zuzik, Jozef, 1985- | |